| 000 | 00401nam a2200145Ia 4500 | ||
|---|---|---|---|
| 008 | 200103s9999||||xx |||||||||||||| ||und|| | ||
| 020 | _a0131599550, | ||
| 040 | _aIMU-MPC | ||
| 082 | _aColumn-17 | ||
| 100 | _aLenk, John D. | ||
| 245 | 0 | _aComplete guide to compact disc (CD) Player Troubleshooting and repair | |
| 260 |
_bPrentice-Hall of India, New Delhi _c1986 |
||
| 300 | _axiii, 258 | ||
| 942 | _cBK | ||
| 999 |
_c6221 _d6221 |
||